[Event "Tournament 14473 - Europe Echecs"]
[Site "Europe Echecs"]
[Date "2020.07.11"]
[Round "4"]
[Time "15:28:00"]
[PlyCount "113"]
[White "RusuCarloman"]
[Black "LemiereCharlot"]
[WhiteElo "1357"]
[BlackElo "1351"]
[Mode "WEB"]
[Result "0-1"]

1. e4 e6 2. d4 d5 3. Nc3 f6 4. Nf3 dxe4 5. Nxe4 Nc6 6. Be3 Bd7 7. Qd2 Bd6 8. a3
Nge7 9. c4 Nf5 10. Bd3 O-O 11. O-O Be7 12. Qc2 Be8 13. Rad1 Ncxd4 14. Bxd4 Nxd4
15. Nxd4 Qxd4 16. Ng5 Qh4 17. Bxh7+ Kh8 18. Nxe6 Bd6 19. g3 Qxh7 20. Qxh7+ Kxh7
21. Rxd6 cxd6 22. Nxf8+ Kg8 23. Ne6 Bd7 24. Re1 Bxe6 25. Rxe6 Kf7 26. Rxd6 Ke7
27. Rd3 Rc8 28. b3 a5 29. f4 a4 30. bxa4 Rxc4 31. Re3+ Kf7 32. Kf2 Rxa4 33. Rd3
b5 34. Rb3 Ra5 35. Ke3 Kg6 36. Ke4 f5+ 37. Kd4 Ra4+ 38. Kc5 Ra8 39. Kxb5 Kh5 40.
h3 g5 41. fxg5 Kxg5 42. Rb4 Rxa3 43. Rh4 Rxg3 44. Rh8 Kf4 45. Kc5 Kf3 46. Kd4 f4
47. h4 Kg4 48. h5 Rh3 49. h6 f3 50. Ke3 Kh5 51. h7 Kh6 52. Kf2 Kg7 53. Rg8+ Kxh7
54. Rf8 Rh2+ 55. Kxf3 Rh3+ 56. Kg4 Rh1 {RusuCarloman a perdu au temps} 0-1

[Event "Tournament 14473 - Europe Echecs"]
[Site "Europe Echecs"]
[Date "2020.07.11"]
[Round "4"]
[Time "15:28:00"]
[PlyCount "82"]
[White "SwietlikCharle"]
[Black "TaffouraudWill"]
[WhiteElo "1388"]
[BlackElo "1199"]
[Mode "WEB"]
[Result "1-0"]

1. e4 e5 2. Nf3 Nf6 3. Nc3 Nc6 4. Bb5 g6 5. Bxc6 dxc6 6. d3 Bg7 7. Bg5 O-O 8.
O-O Bg4 9. h3 Qd6 10. hxg4 Nxg4 11. Nh4 Qb4 12. Qxg4 Rad8 13. Rad1 Qxb2 14. Ne2
Qxa2 15. Ng3 Qxc2 16. Nf3 Rxd3 17. Rxd3 Qxd3 18. Qh4 a5 19. Bf6 Bxf6 20. Qxf6 a4
21. Qxe5 a3 22. Qxc7 b5 23. Qxc6 a2 24. Qa6 Qb3 25. Nd2 Qb2 26. Qa5 b4 27. Ne2
Rd8 28. Qxd8+ Kg7 29. Qd4+ Kg8 30. Qxb2 b3 31. Qxb3 a1=Q 32. Rxa1 Kg7 33. Qc3+
Kh6 34. Nf4 f5 35. e5 Kg5 36. g3 h5 37. e6 h4 38. e7 hxg3 39. fxg3 Kg4 40. e8=Q
g5 41. Qh5# {TaffouraudWill est échec et mat} 1-0

[Event "Tournament 14473 - Europe Echecs"]
[Site "Europe Echecs"]
[Date "2020.07.11"]
[Round "4"]
[Time "15:28:00"]
[PlyCount "101"]
[White "AlsruheFelix"]
[Black "YaylaElif"]
[WhiteElo "1213"]
[BlackElo "1199"]
[Mode "WEB"]
[Result "0-1"]

1. d4 e6 2. c4 d5 3. cxd5 exd5 4. Nc3 c6 5. Bf4 Bd6 6. Bxd6 Qxd6 7. Nf3 Nf6 8.
e3 h6 9. Be2 Be6 10. O-O O-O 11. Nd2 Re8 12. Rc1 Na6 13. a3 Nc7 14. f3 a6 15. b4
Nb5 16. Ncb1 Bf5 17. Bxb5 axb5 18. Re1 Re7 19. Qb3 Rae8 20. Nf1 Nd7 21. Nbd2 Nb6
22. Ra1 Nc4 23. Nxc4 bxc4 24. Qc3 b6 25. Ng3 Bg6 26. Kf2 b5 27. a4 bxa4 28. Rxa4
Bd3 29. Ra6 Qc7 30. Qa3 Kh7 31. h3 c3 32. Qxc3 Bxa6 33. Qc2+ g6 34. e4 Qb6 35.
Qc3 dxe4 36. fxe4 Rd7 37. Rd1 Red8 38. Ke3 Re8 39. Qc5 Qxc5 40. bxc5 Kg7 41. Ra1
Bb5 42. Nh1 Rdd8 43. Nf2 Ra8 44. Rc1 Ra3+ 45. Kf4 g5+ 46. Kf5 Ba6 47. Kg4 Bc8+
48. Kh5 f5 49. e5 Be6 50. h4 Bf7# {AlsruheFelix est échec et mat} 0-1

[Event "Tournament 14473 - Europe Echecs"]
[Site "Europe Echecs"]
[Date "2020.07.11"]
[Round "4"]
[Time "15:28:00"]
[PlyCount "61"]
[White "GavilaQuentin"]
[Black "GerardKelian"]
[WhiteElo "1199"]
[BlackElo "1056"]
[Mode "WEB"]
[Result "0-1"]

1. e4 e5 2. Nf3 Nc6 3. d4 f6 4. Bb5 a6 5. Ba4 d6 6. dxe5 fxe5 7. O-O Bd7 8. Nc3
Bg4 9. h3 Bh5 10. Nd5 Nf6 11. Bg5 Be7 12. Bb3 Nd4 13. c3 Nxf3+ 14. gxf3 h6 15.
Bh4 Nxd5 16. Bxd5 Bxh4 17. Bxb7 Rb8 18. Bc6+ Kf7 19. Qd5+ Kf8 20. Qd3 Qg5+ 21.
Kh2 Rxb2 22. Rab1 Qg3+ 23. Kh1 Bxf3+ 24. Qxf3+ Qxf3+ 25. Kh2 Rxb1 26. Rxb1 Qxf2+
27. Kh1 Qf3+ 28. Kg1 Bf2+ 29. Kh2 Qg3+ 30. Kh1 Qxh3# {GavilaQuentin est échec et mat} 0-1

[Event "Tournament 14473 - Europe Echecs"]
[Site "Europe Echecs"]
[Date "2020.07.11"]
[Round "5"]
[Time "16:00:12"]
[PlyCount "72"]
[White "HingouetMatthi"]
[Black "Razafindratsim"]
[WhiteElo "2228"]
[BlackElo "2336"]
[Mode "WEB"]
[Result "1-0"]

1. d4 d5 2. c4 dxc4 3. Nf3 Nf6 4. e3 e6 5. Bxc4 a6 6. O-O b5 7. Bd3 Bb7 8. a4 b4
9. Nbd2 Nbd7 10. a5 c5 11. Qe2 Be7 12. Nc4 O-O 13. Nfe5 Qc7 14. b3 Nd5 15. Bd2
Nxe5 16. dxe5 Rad8 17. Rac1 f5 18. f3 Qd7 19. Bb1 Nc7 20. Rfd1 Qe8 21. Be1 Nb5
22. Nb6 Qc6 23. Bd3 f4 24. Bxb4 fxe3 25. Be4 Qc7 26. Bxb7 Rxd1+ 27. Qxd1 Qxb7
28. Bxc5 Bxc5 29. Rxc5 Qe7 30. b4 Qh4 31. Rc4 Qg5 32. Qe1 Rxf3 33. h4 Qg6 34.
Rc8+ Kf7 35. Qd1 Nd4 36. Qxd4 {Razafindratsim a perdu au temps} 1-0

[Event "Tournament 14473 - Europe Echecs"]
[Site "Europe Echecs"]
[Date "2020.07.11"]
[Round "5"]
[Time "16:00:12"]
[PlyCount "65"]
[White "RobertYoann"]
[Black "RobertMathias"]
[WhiteElo "2071"]
[BlackElo "2140"]
[Mode "WEB"]
[Result "0-1"]

1. b3 e5 2. Bb2 Nc6 3. e3 Nf6 4. c4 Be7 5. Nf3 e4 6. Nd4 Nxd4 7. exd4 d5 8. d3
O-O 9. Be2 exd3 10. Qxd3 c6 11. O-O Bd6 12. Nc3 Re8 13. Bf3 Bg4 14. Rfe1 Qd7 15.
h3 Bxf3 16. Qxf3 Bb4 17. a3 Bxc3 18. Bxc3 Ne4 19. Bb2 Re6 20. Re3 Rf6 21. Qh5
Rxf2 22. Bc1 Rf5 23. Qd1 Re8 24. Ra2 h5 25. Rf3 Rxf3 26. Qxf3 dxc4 27. bxc4
Qxd4+ 28. Kh2 h4 29. Bb2 Qd6+ 30. Kg1 Ng3 31. Bc3 Re4 32. Rd2 Re1+ {RobertYoann a abandonné} 0-1

[Event "Tournament 14473 - Europe Echecs"]
[Site "Europe Echecs"]
[Date "2020.07.11"]
[Round "5"]
[Time "16:00:12"]
[PlyCount "102"]
[White "TravadonLoic"]
[Black "MathieuPhileas"]
[WhiteElo "2431"]
[BlackElo "2214"]
[Mode "WEB"]
[Result "1-0"]

1. e4 c5 2. Na3 Nc6 3. c3 e6 4. Nf3 d5 5. exd5 exd5 6. Be2 Nf6 7. O-O Be7 8. d4
O-O 9. dxc5 Bxc5 10. Nb5 Bf5 11. Nbd4 Be4 12. Bg5 h6 13. Bh4 Re8 14. Qd2 Bg6 15.
Rfe1 Ne4 16. Bxd8 Nxd2 17. Bh4 Nxf3+ 18. Nxf3 d4 19. Bb5 dxc3 20. bxc3 a6 21.
Ba4 b5 22. Bb3 Rac8 23. Rad1 Rxe1+ 24. Rxe1 Na5 25. Bd5 Bd6 26. Be7 Bxe7 27.
Rxe7 Rxc3 28. h4 Rc5 29. Rd7 Nc4 30. g4 Nb6 31. Rd8+ Kh7 32. Bb3 Nc4 33. h5 Be4
34. Nd4 Rd5 35. Rxd5 Bxd5 36. Kh2 g5 37. Bc2+ Kg7 38. Nf5+ Kf6 39. Nxh6 Na3 40.
Bd3 Bxa2 41. Nf5 Bb1 42. Bxb1 Nxb1 43. Nd6 b4 44. Ne8+ Ke7 45. h6 b3 46. h7 b2
47. h8=Q Nc3 48. Qe5+ Kf8 49. Nd6 b1=Q 50. Nf5 Qb4 51. Qh8# {MathieuPhileas est échec et mat} 1-0

[Event "Tournament 14473 - Europe Echecs"]
[Site "Europe Echecs"]
[Date "2020.07.11"]
[Round "5"]
[Time "16:00:12"]
[PlyCount "140"]
[White "EllisAntoine"]
[Black "DroinAugustin"]
[WhiteElo "2066"]
[BlackElo "2313"]
[Mode "WEB"]
[Result "1-0"]

1. d4 d5 2. c4 c6 3. Nf3 Nf6 4. Nbd2 Bf5 5. Nh4 Bg6 6. Qb3 Qb6 7. Qh3 Nbd7 8.
Nxg6 fxg6 9. c5 Qc7 10. Qe6 Qc8 11. e3 Nb6 12. Qe5 Nbd7 13. Qe6 Nb6 14. Qxc8+
Nxc8 15. Bd3 e5 16. dxe5 Nd7 17. f4 Nxc5 18. Bc2 Be7 19. O-O O-O 20. Nf3 a5 21.
Nd4 Nb6 22. b3 Ne4 23. a4 Bb4 24. Ne6 Rfc8 25. Bxe4 dxe4 26. Bb2 Nd5 27. Kf2 Bd2
28. Bd4 Bb4 29. Rac1 b6 30. Rfd1 h6 31. g4 Ra7 32. Bb2 Ne7 33. Ke2 Kf7 34. Nd4
Bc5 35. e6+ Kf8 36. f5 Kg8 37. Rf1 Rf8 38. fxg6 Bxd4 39. Bxd4 c5 40. Rxf8+ Kxf8
41. Rf1+ Kg8 42. Be5 Nxg6 43. Bd6 Ra8 44. Bc7 Re8 45. Bxb6 Rxe6 46. Bxa5 Ne5 47.
Rf5 g6 48. Rf4 Nd3 49. Rf1 Ra6 50. Bc3 Rb6 51. Rb1 Kf7 52. Kd2 Ke6 53. Kc2 Kd5
54. Rf1 c4 55. bxc4+ Kxc4 56. Rf8 Nb4+ 57. Kd2 Rd6+ 58. Bd4 Nc6 59. Rf6 Rxf6 60.
Bxf6 Kb4 61. Bg7 h5 62. gxh5 gxh5 63. Bf6 Na5 64. Bc3+ Kxa4 65. Bxa5 Kxa5 66.
Kc3 Kb5 67. Kd4 Kc6 68. Kxe4 Kd6 69. Kf5 Ke7 70. e4 {DroinAugustin a abandonné} 1-0

[Event "Tournament 14473 - Europe Echecs"]
[Site "Europe Echecs"]
[Date "2020.07.11"]
[Round "5"]
[Time "16:00:12"]
[PlyCount "111"]
[White "DenningerGael"]
[Black "SayaEthan"]
[WhiteElo "1957"]
[BlackElo "2199"]
[Mode "WEB"]
[Result "0-1"]

1. c4 c5 2. g3 Nc6 3. Bg2 g6 4. Nc3 Bg7 5. Nf3 e6 6. O-O Nge7 7. a3 O-O 8. Rb1
d5 9. cxd5 exd5 10. b4 d4 11. Na4 Bf5 12. d3 c4 13. Nh4 c3 14. Nxf5 Nxf5 15. Nc5
Qc7 16. Bf4 Qe7 17. Qc2 Rfe8 18. Rfe1 Rac8 19. Ne4 h6 20. g4 Nh4 21. Nd6 Nxg2
22. Kxg2 Qh4 23. h3 h5 24. Bg3 Qg5 25. Nxe8 Rxe8 26. Qc1 Qd5+ 27. Kg1 hxg4 28.
hxg4 Be5 29. Bxe5 Nxe5 30. Qf4 Kg7 31. g5 Rh8 32. f3 Rh5 33. Kf2 Rxg5 34. Rh1
Rf5 35. Qh6+ Kf6 36. Qh4+ Ke6 37. Qe4 Qa2 38. f4 Rxf4+ 39. Qxf4 Nxd3+ 40. Kf3
Nxf4 41. Kxf4 Qd2+ 42. Kg3 Qe3+ 43. Kh4 Qf2+ 44. Kg5 Qe3+ 45. Kh4 Qf4+ 46. Kh3
Qf5+ 47. Kg3 Qg5+ 48. Kh3 f5 49. Rhg1 Qh5+ 50. Kg3 g5 51. Kf2 Qh4+ 52. Kf1 c2
53. Rc1 Qh3+ 54. Rg2 Qc3 55. e3 d3 {DenningerGael a abandonné} 0-1

[Event "Tournament 14473 - Europe Echecs"]
[Site "Europe Echecs"]
[Date "2020.07.11"]
[Round "5"]
[Time "16:00:12"]
[PlyCount "123"]
[White "KrivcenkoAlexa"]
[Black "JolyJulien"]
[WhiteElo "1795"]
[BlackElo "2188"]
[Mode "WEB"]
[Result "0-1"]

1. d4 Nf6 2. c4 c5 3. d5 b5 4. cxb5 a6 5. bxa6 g6 6. Nc3 Bg7 7. e4 O-O 8. Nf3
Qa5 9. Bd3 Nxd5 10. exd5 Bxc3+ 11. Bd2 Bxd2+ 12. Qxd2 Qxd2+ 13. Nxd2 Nxa6 14.
Bxa6 Bxa6 15. b3 Bb7 16. Nc4 Bxd5 17. Nb6 Bxg2 18. Rg1 Ra6 19. Nxd7 Re6+ 20. Kd2
Rd8 21. Kc3 Rxd7 22. Rxg2 Re2 23. a4 f5 24. a5 Kf7 25. Kc4 Re6 26. Kxc5 Rc7+ 27.
Kb5 Rb7+ 28. Ka4 Re4+ 29. Ka3 Reb4 30. Rb1 R4b5 31. Ka4 Rb4+ 32. Ka3 Rd4 33. Rg3
Ke6 34. Rc3 Kd6 35. a6 Ra7 36. Rc4 Rxa6+ 37. Kb4 Rxc4+ 38. Kxc4 Rc6+ 39. Kd4 e5+
40. Kd3 Kd5 41. b4 e4+ 42. Kd2 Kd4 43. b5 Rb6 44. h4 f4 45. Rb4+ Kd5 46. Ke2 h6
47. Kd2 g5 48. hxg5 hxg5 49. Ke2 Ke5 50. f3 exf3+ 51. Kxf3 Kf5 52. Kg2 Kg4 53.
Kf2 Kf5 54. Kf3 g4+ 55. Kf2 Ke5 56. Ke2 g3 57. Kf3 Rg6 58. Kg2 f3+ 59. Kxf3 g2
60. Rb1 g1=Q 61. Rxg1 Rxg1 {KrivcenkoAlexa a abandonné} 0-1

[Event "Tournament 14473 - Europe Echecs"]
[Site "Europe Echecs"]
[Date "2020.07.11"]
[Round "5"]
[Time "16:00:12"]
[PlyCount "80"]
[White "WeismanNathan"]
[Black "RebutPaul"]
[WhiteElo "2186"]
[BlackElo "1966"]
[Mode "WEB"]
[Result "1/2-1/2"]

1. e4 d5 2. exd5 Qxd5 3. Nc3 Qa5 4. d4 Nf6 5. Nf3 Bf5 6. Bc4 e6 7. Bd2 Bb4 8.
O-O O-O 9. a3 Bxc3 10. Bxc3 Qb6 11. Bd3 Bg6 12. Bxg6 hxg6 13. b3 Nc6 14. Qe2
Rad8 15. Rfd1 Rd7 16. b4 Rfd8 17. Bb2 a6 18. c4 Qa7 19. Bc3 g5 20. d5 exd5 21.
Nxg5 dxc4 22. Rxd7 Rxd7 23. Bxf6 gxf6 24. Qe8+ Kg7 25. Ne6+ fxe6 26. Qxd7+ Kg6
27. Qxe6 Qd4 28. Re1 Ne5 29. h4 c3 30. h5+ Kg5 31. Qg8+ Kf5 32. h6 Qd2 33. Rxe5+
Kxe5 34. h7 Qc1+ 35. Kh2 Qh6+ 36. Kg3 Qf4+ 37. Kh3 Qh6+ 38. Kg3 Qf4+ 39. Kh3
Qh6+ 40. Kg3 {Nulle par répétition} 1/2-1/2

[Event "Tournament 14473 - Europe Echecs"]
[Site "Europe Echecs"]
[Date "2020.07.11"]
[Round "5"]
[Time "16:00:12"]
[PlyCount "102"]
[White "KuhnClement"]
[Black "LecciaAntoine"]
[WhiteElo "2150"]
[BlackElo "1950"]
[Mode "WEB"]
[Result "1-0"]

1. e4 e5 2. Nf3 Nc6 3. Bb5 a6 4. Ba4 Nf6 5. O-O b5 6. Bb3 Bb7 7. Re1 Bc5 8. h3
d6 9. c3 h6 10. d3 O-O 11. Nbd2 Re8 12. Nf1 d5 13. exd5 Nxd5 14. Ng3 Nf6 15. Be3
Bxe3 16. Rxe3 Qd7 17. Qd2 Re7 18. Nh4 e4 19. Ngf5 Re5 20. g4 Ne7 21. Rg3 exd3
22. Rxd3 Qc6 23. f3 Nxf5 24. Nxf5 Rxf5 25. gxf5 Qc5+ 26. Qf2 Qxf5 27. Rad1 Qxh3
28. Bc2 g6 29. Qg2 Qxg2+ 30. Kxg2 Kg7 31. Rd8 Ra7 32. Rb8 Bd5 33. Bb3 Bxb3 34.
axb3 a5 35. c4 bxc4 36. bxc4 a4 37. Ra1 Nd7 38. Rb4 Nc5 39. Rd1 a3 40. bxa3 Rxa3
41. Rd5 Ne6 42. c5 Rc3 43. Re4 Rxc5 44. Rd7 Kf6 45. Kg3 Rg5+ 46. Kf2 Rc5 47. Ra4
Rc2+ 48. Kg3 Nc5 49. Rf4+ Ke6 50. Rxc7 Ne4+ 51. Rxe4+ {LecciaAntoine a abandonné} 1-0

[Event "Tournament 14473 - Europe Echecs"]
[Site "Europe Echecs"]
[Date "2020.07.11"]
[Round "5"]
[Time "16:00:12"]
[PlyCount "120"]
[White "DavidBogdanEma"]
[Black "LarmetNino"]
[WhiteElo "2092"]
[BlackElo "1818"]
[Mode "WEB"]
[Result "1-0"]

1. e4 e5 2. Nf3 Nc6 3. Bc4 Bc5 4. c3 Nf6 5. d3 O-O 6. Bb3 d5 7. exd5 Nxd5 8. O-O
Bg4 9. Nbd2 Kh8 10. Ne4 Bb6 11. h3 Bh5 12. Ng3 Bg6 13. Re1 f6 14. Nh4 Nce7 15.
Nxg6+ Nxg6 16. Qf3 Ndf4 17. Bxf4 Nxf4 18. d4 Ng6 19. Qxb7 exd4 20. Rad1 c5 21.
Nf5 Qc7 22. Qxc7 Bxc7 23. cxd4 cxd4 24. Nxd4 Be5 25. Ne6 Rfe8 26. Rxe5 Nxe5 27.
Nc7 Rad8 28. Nxe8 Rxe8 29. f4 Ng6 30. g3 Nf8 31. Kf2 g6 32. Rc1 Re7 33. Rc8 Kg7
34. Bc4 f5 35. b4 Rb7 36. a3 Nd7 37. Bd5 Rb6 38. Rc7 Rd6 39. Bc6 Rd2+ 40. Ke3
Rh2 41. Bxd7 Kf6 42. Rxa7 Rxh3 43. Kf3 Rh1 44. Bb5 h5 45. Bc4 g5 46. Ra6+ Kg7
47. fxg5 Rh3 48. Kf4 Rh2 49. Kxf5 Rf2+ 50. Ke4 Rg2 51. Kf3 Rc2 52. Bd3 Rc3 53.
Ra7+ Kf8 54. Ke3 h4 55. gxh4 Rb3 56. g6 Rc3 57. Kd4 Rc1 58. h5 Rd1 59. h6 Kg8
60. Ra8# {LarmetNino est échec et mat} 1-0

[Event "Tournament 14473 - Europe Echecs"]
[Site "Europe Echecs"]
[Date "2020.07.11"]
[Round "5"]
[Time "16:00:12"]
[PlyCount "53"]
[White "LecciaThomas"]
[Black "RachidAlexandr"]
[WhiteElo "1893"]
[BlackElo "2079"]
[Mode "WEB"]
[Result "0-1"]

1. d4 Nf6 2. Nc3 d5 3. Bf4 e6 4. Nb5 Na6 5. e3 c6 6. Nc3 Bb4 7. Bd3 O-O 8. Nge2
c5 9. dxc5 Nxc5 10. f3 Nh5 11. Bg3 Nxd3+ 12. Qxd3 Nxg3 13. hxg3 g6 14. Qd4 Be7
15. Kf2 Bf6 16. Qd1 b5 17. Nxb5 Qb6 18. Nbd4 e5 19. Nb3 d4 20. exd4 exd4 21.
Nexd4 Be6 22. c3 Rfd8 23. Qd2 Bxb3 24. axb3 Bxd4+ 25. cxd4 Rxd4 26. Qc3 Rd2+ {LecciaThomas a abandonné} 0-1

[Event "Tournament 14473 - Europe Echecs"]
[Site "Europe Echecs"]
[Date "2020.07.11"]
[Round "5"]
[Time "16:00:12"]
[PlyCount "55"]
[White "BruneauLilian"]
[Black "DalaudDorian"]
[WhiteElo "1386"]
[BlackElo "2242"]
[Mode "WEB"]
[Result "0-1"]

1. d4 Nf6 2. Bg5 g6 3. Qc1 Bg7 4. Nf3 d6 5. Bh6 O-O 6. Bxg7 Kxg7 7. h4 h5 8. Qg5
Bf5 9. c3 c5 10. e3 Qb6 11. b3 Qa5 12. Be2 cxd4 13. Nxd4 Nc6 14. Nxc6 bxc6 15.
Bxh5 Nxh5 16. g4 f6 17. Qxg6+ Bxg6 18. gxh5 Bxb1 19. Rg1+ Kh7 20. Rxb1 Qxc3+ 21.
Ke2 Qc2+ 22. Kf3 Rg8 23. Rgc1 Qf5+ 24. Ke2 Rg2 25. Rf1 Rxf2+ 26. Rxf2 Qxb1 27.
Kf3 Rg8 {BruneauLilian a abandonné} 0-1

[Event "Tournament 14473 - Europe Echecs"]
[Site "Europe Echecs"]
[Date "2020.07.11"]
[Round "5"]
[Time "16:00:12"]
[PlyCount "64"]
[White "BoscGabriel"]
[Black "FardetElouan"]
[WhiteElo "1994"]
[BlackElo "2163"]
[Mode "WEB"]
[Result "1-0"]

1. f4 e5 2. fxe5 d6 3. exd6 Bxd6 4. Nf3 g6 5. e4 Nc6 6. d4 Bg4 7. c3 Qe7 8. Bd3
O-O-O 9. O-O f6 10. Qe2 h5 11. Nbd2 Nh6 12. Nc4 Kb8 13. Nxd6 cxd6 14. h3 Bc8 15.
Nh4 Qg7 16. Qf3 g5 17. Nf5 Nxf5 18. exf5 d5 19. b4 g4 20. Qf4+ Ka8 21. h4 g3 22.
Rf3 Rhg8 23. Bd2 Qg4 24. Raf1 Ne7 25. Be1 Qxf4 26. Rxf4 Rg7 27. R1f3 Rdg8 28.
Re3 Kb8 29. Rff3 Kc7 30. Kf1 Kd8 31. Bxg3 Rg4 32. Bd6 {FardetElouan a abandonné} 1-0

[Event "Tournament 14473 - Europe Echecs"]
[Site "Europe Echecs"]
[Date "2020.07.11"]
[Round "5"]
[Time "16:00:12"]
[PlyCount "126"]
[White "CavaillesEvan"]
[Black "ChabaudMathis"]
[WhiteElo "2018"]
[BlackElo "1920"]
[Mode "WEB"]
[Result "1-0"]

1. e4 c5 2. Nf3 Nc6 3. d4 cxd4 4. Nxd4 e5 5. Nb5 d6 6. N1c3 a6 7. Na3 b5 8. Nd5
Nge7 9. c4 Nd4 10. Be3 Nxd5 11. cxd5 g6 12. Bxd4 exd4 13. Qxd4 Qa5+ 14. Qd2
Qxd2+ 15. Kxd2 Bg7 16. Rb1 O-O 17. Bd3 f5 18. f3 fxe4 19. Bxe4 Bf5 20. Rhe1 Rac8
21. Nc2 Bxe4 22. Rxe4 Rc5 23. Ne3 Bh6 24. Ke2 Bxe3 25. Rxe3 Rxd5 26. Rd3 Re8+
27. Kd2 Rde5 28. Kc2 Re2+ 29. Rd2 Kf7 30. Rbd1 Rxd2+ 31. Rxd2 Ke6 32. Re2+ Kd7
33. Rd2 Re5 34. h3 Kc6 35. Kc3 a5 36. Kb3 Re3+ 37. Kc2 Kc5 38. Rf2 d5 39. f4 d4
40. f5 gxf5 41. Rxf5+ Kc4 42. Rf2 d3+ 43. Kd2 Re4 44. b3+ Kd4 45. g4 a4 46. bxa4
bxa4 47. Rg2 h6 48. h4 Re5 49. g5 hxg5 50. hxg5 Rb5 51. Rg4+ Ke5 52. Kxd3 Kf5
53. Rg2 a3 54. g6 Rb8 55. g7 Rg8 56. Kc3 Ke6 57. Kb3 Kd6 58. Kxa3 Kc7 59. Kb4
Kb7 60. a4 Ka7 61. Kc5 Kb7 62. Kd6 Ka7 63. Ke7 {ChabaudMathis a perdu au temps} 1-0

[Event "Tournament 14473 - Europe Echecs"]
[Site "Europe Echecs"]
[Date "2020.07.11"]
[Round "5"]
[Time "16:00:12"]
[PlyCount "134"]
[White "FereyAntonin"]
[Black "RubsamenAnais"]
[WhiteElo "2138"]
[BlackElo "1692"]
[Mode "WEB"]
[Result "1-0"]

1. d4 g6 2. e4 Bg7 3. Nf3 c6 4. c4 d5 5. e5 Bg4 6. Nc3 Nh6 7. cxd5 cxd5 8. Qb3
Bxf3 9. gxf3 Nc6 10. Be3 O-O 11. Qxb7 Nxe5 12. dxe5 d4 13. Rd1 Nf5 14. Qe4 Qb6
15. Bxd4 Nxd4 16. Qxd4 Qxb2 17. Rb1 Qa3 18. Rb3 Qc1+ 19. Qd1 Qf4 20. Qd2 Qxf3
21. Rg1 Bxe5 22. Bg2 Bxc3 23. Rxc3 Qg4 24. Rg3 Qe6+ 25. Qe2 Qxe2+ 26. Kxe2 Rac8
27. Rd3 Rc2+ 28. Rd2 Rfc8 29. Rgd1 Kg7 30. Rxc2 Rxc2+ 31. Rd2 Rc1 32. Be4 Ra1
33. Bd5 e6 34. Bb3 Rh1 35. Rd7 Kf6 36. Rxa7 Rxh2 37. a4 h5 38. a5 h4 39. a6 Rh1
40. Ra8 Ra1 41. Bc4 h3 42. Rh8 h2 43. Rxh2 Ke7 44. Rh3 Kd6 45. Rc3 Kc7 46. Bxe6+
Kb6 47. Bxf7 Kxa6 48. Bxg6 Ra2+ 49. Ke3 Kb6 50. Be4 Ra4 51. f4 Ra7 52. f5 Kb5
53. Kf4 Kb4 54. Rc1 Kb3 55. f6 Ra5 56. f7 Ra8 57. Rg1 Rf8 58. Bd5+ Kc3 59. Rg8
Rxf7+ 60. Bxf7 Kd4 61. Rd8+ Kc3 62. Ke3 Kb4 63. Kd4 Kb5 64. Bd5 Kb4 65. Rb8+ Ka5
66. Kc5 Ka4 67. Ra8# {RubsamenAnais est échec et mat} 1-0

[Event "Tournament 14473 - Europe Echecs"]
[Site "Europe Echecs"]
[Date "2020.07.11"]
[Round "5"]
[Time "16:00:12"]
[PlyCount "180"]
[White "DelinValere"]
[Black "RobineGuillaum"]
[WhiteElo "2043"]
[BlackElo "1571"]
[Mode "WEB"]
[Result "1/2-1/2"]

1. e4 d5 2. exd5 Nf6 3. d4 Bg4 4. Nf3 Qxd5 5. Be2 Nc6 6. h3 Bh5 7. c4 Qd7 8. d5
Nb4 9. Bd2 e6 10. Ne5 Qd6 11. Qa4+ c6 12. dxc6 Nxc6 13. Nxc6 Qxc6 14. Qxc6+ bxc6
15. Bxh5 Nxh5 16. Nc3 O-O-O 17. O-O-O Nf6 18. Be3 Rxd1+ 19. Rxd1 a6 20. a3 Be7
21. f3 Rd8 22. Bd4 g6 23. b4 Nh5 24. Ne4 Nf4 25. Kc2 Nxg2 26. c5 Nf4 27. h4 f5
28. Nc3 Nd5 29. Na4 Bf6 30. Bf2 e5 31. Kb3 Kc7 32. Rh1 Nf4 33. Nb6 Rd3+ 34. Ka4
Rxf3 35. Be1 Nd3 36. Bc3 Nxc5+ 37. bxc5 Rxc3 38. Kb4 e4 39. h5 Rg3 40. hxg6 Rxg6
41. Rxh7+ Rg7 42. Rh6 Bg5 43. Rh1 e3 44. Nc4 e2 45. Nd6 e1=Q+ 46. Rxe1 Bd2+ 47.
Kb3 Bxe1 48. Ne8+ Kd7 49. Nxg7 f4 50. Nf5 Bg3 51. Kc4 Ke6 52. Nd4+ Kd7 53. Kd3
Bf2 54. Nb3 Bg1 55. Ke4 Ke6 56. Kxf4 Kd5 57. Kf3 Bxc5 58. Ke2 Bxa3 59. Kd3 Bd6
60. Kc3 c5 61. Nc1 c4 62. Na2 a5 63. Nc1 a4 64. Kb2 Kd4 65. Kc2 a3 66. Na2 Kc5
67. Nc1 Kb4 68. Na2+ Ka4 69. Nc3+ Kb4 70. Na2+ Kb5 71. Nc3+ Kc5 72. Ne4+ Kd5 73.
Nc3+ Kd4 74. Nb5+ Kd5 75. Nc3+ Ke5 76. Na2 Ke4 77. Nc3+ Ke3 78. Na2 Be5 79. Nb4
Ke2 80. Na2 Ba1 81. Nb4 Bb2 82. Na2 Ke3 83. Nb4 Kd4 84. Na2 c3 85. Nb4 Kc4 86.
Na2 Kb5 87. Nxc3+ Bxc3 88. Kxc3 a2 89. Kb2 a1=Q+ 90. Kxa1 {Aucun joueur n'a le mat&eacute;riel pour mater} 1/2-1/2

[Event "Tournament 14473 - Europe Echecs"]
[Site "Europe Echecs"]
[Date "2020.07.11"]
[Round "5"]
[Time "16:00:12"]
[PlyCount "31"]
[White "FondratJohan"]
[Black "TomasiElise"]
[WhiteElo "1509"]
[BlackElo "2030"]
[Mode "WEB"]
[Result "0-1"]

1. e4 e5 2. Nf3 Nc6 3. Bc4 Bc5 4. O-O d6 5. h3 Nf6 6. d3 h6 7. c3 Qe7 8. Re1 g5
9. h4 g4 10. Nh2 g3 11. Be3 gxh2+ 12. Kxh2 Bxe3 13. fxe3 Ng4+ 14. Kg1 Qxh4 15.
Qf3 Qxe1+ {FondratJohan a abandonné} 0-1

[Event "Tournament 14473 - Europe Echecs"]
[Site "Europe Echecs"]
[Date "2020.07.11"]
[Round "5"]
[Time "16:00:12"]
[PlyCount "53"]
[White "ParalieuMaxime"]
[Black "FischerThorang"]
[WhiteElo "1569"]
[BlackElo "1998"]
[Mode "WEB"]
[Result "0-1"]

1. d4 d5 2. c4 e6 3. Nf3 c6 4. g3 Bd6 5. Bg2 f5 6. O-O Nf6 7. Nc3 O-O 8. e3 Nbd7
9. cxd5 exd5 10. Nd2 Ne4 11. Qb3 Kh8 12. Ndxe4 fxe4 13. Bd2 Nb6 14. Rac1 Bg4 15.
h3 Bf3 16. a4 Qf6 17. a5 Nc4 18. Rc2 Nxa5 19. Qa4 Nc4 20. b4 Bxg2 21. Kxg2 Qf3+
22. Kg1 Bxg3 23. Qa1 Bxf2+ 24. Rxf2 Qxf2+ 25. Kh1 Nxd2 26. Qd1 Rf3 {ParalieuMaxime a abandonné} 0-1

[Event "Tournament 14473 - Europe Echecs"]
[Site "Europe Echecs"]
[Date "2020.07.11"]
[Round "5"]
[Time "16:00:12"]
[PlyCount "95"]
[White "ParisRomain"]
[Black "courjalpauline"]
[WhiteElo "1486"]
[BlackElo "1848"]
[Mode "WEB"]
[Result "0-1"]

1. d4 e6 2. c4 b6 3. Nc3 Bb7 4. e4 Bb4 5. Bd3 f5 6. exf5 Bxg2 7. Qh5+ Kf8 8. Bg5
Qe8 9. Qxe8+ Kxe8 10. O-O-O Bxh1 11. f3 Bxc3 12. bxc3 Nc6 13. d5 exd5 14. Re1+
Kf7 15. cxd5 Nce7 16. d6 cxd6 17. Bc4+ d5 18. Bb5 Rd8 19. c4 d4 20. Re5 d6 21.
Re4 Nf6 22. Rxd4 Nxf5 23. Rd3 h6 24. Bf4 Bg2 25. Rd2 Bh1 26. h3 Nh4 27. Bc6 Rc8
28. Rxd6 Ke7 29. Kb2 Nf5 30. Rd5 Nxd5 31. Bxd5 Kf6 32. Kc3 Nh4 33. Kd3 Bg2 34.
Ke2 Rhe8+ 35. Kf2 b5 36. Bd2 bxc4 37. Bc3+ Kg6 38. Be4+ Rxe4 39. fxe4 Bxe4 40.
Ke3 Bd3 41. Be5 Re8 42. Kd4 Rd8+ 43. Kc3 Bf1 44. Bg3 Rd3+ 45. Kxc4 Rxg3+ 46. Kd5
Rxg1 47. Kc6 Bxh3 {ParisRomain a abandonné} 0-1

[Event "Tournament 14473 - Europe Echecs"]
[Site "Europe Echecs"]
[Date "2020.07.11"]
[Round "5"]
[Time "16:00:12"]
[PlyCount "46"]
[White "SabianiChjara"]
[Black "BenamarRayan"]
[WhiteElo "1842"]
[BlackElo "1558"]
[Mode "WEB"]
[Result "1-0"]

1. d4 d5 2. c4 e6 3. Nc3 c6 4. cxd5 exd5 5. Qc2 f5 6. Nf3 Nf6 7. Bg5 Bd6 8. e3
O-O 9. Bd3 h6 10. Bh4 f4 11. exf4 Re8+ 12. Ne5 Qc7 13. O-O Bxe5 14. fxe5 Ne4 15.
Nxd5 Qa5 16. Nf6+ gxf6 17. Bxe4 f5 18. Bxf5 Bxf5 19. Qxf5 Qc7 20. Qg6+ Kf8 21.
Bf6 Qf7 22. Qxh6+ Kg8 23. Qh8# {BenamarRayan est échec et mat} 1-0

[Event "Tournament 14473 - Europe Echecs"]
[Site "Europe Echecs"]
[Date "2020.07.11"]
[Round "5"]
[Time "16:00:12"]
[PlyCount "100"]
[White "FrancoisGwlady"]
[Black "KrzymanskiLeo"]
[WhiteElo "1816"]
[BlackElo "1506"]
[Mode "WEB"]
[Result "1-0"]

1. e4 c5 2. Nf3 Nc6 3. Bb5 Qb6 4. Nc3 e6 5. a4 a6 6. Bxc6 Qxc6 7. O-O Nf6 8. d3
Be7 9. Bf4 d5 10. exd5 Nxd5 11. Nxd5 Qxd5 12. Re1 O-O 13. Ne5 b6 14. Qg4 Bb7 15.
Nc4 f5 16. Qf3 Qd7 17. Qe2 Qc6 18. Qxe6+ Qxe6 19. Rxe6 Bd8 20. Nxb6 g5 21. Nxa8
gxf4 22. Nb6 Rf7 23. Re8+ Rf8 24. Rxf8+ Kxf8 25. Nd7+ Kf7 26. Nxc5 Bc8 27. Re1
Be7 28. Nb3 h5 29. Nd4 Kf6 30. Nc6 Bd6 31. f3 Bd7 32. Nd4 Be5 33. Ne2 Kg5 34. d4
Bd6 35. b3 Bb4 36. Rd1 Be6 37. d5 Bd7 38. c3 Bf8 39. Kf1 Bg7 40. Nd4 Kf6 41. Ke2
Ke5 42. Nc2 Kd6 43. Rd3 Bc8 44. b4 Bb7 45. c4 Kd7 46. c5 Be5 47. c6+ Bxc6 48.
dxc6+ Kxc6 49. Na3 Bd6 50. Nc2 {KrzymanskiLeo a perdu au temps} 1-0